00585 2200193 4500001002100000005001500021035002000036007000300056008003900059082000700098084001300105100001800118245014800136250001000284260004600294300002400340600001200364990001500376INLIS00000000000998320260511093715 a0010-0526000026ta260511 | | |  a11 a11 AND p0 aANDREAS LAMEI1 aPERAN KEPALA DESA DALAM REHABILITASI DAN REKONSTRUKSI GANG PASCA BENCANA BANJIR DIDESA PETAK BAHANDANG KECAMATAN TASIK PAYAWAN /cANDREAS LAMEI aCet 1 aPalangka Raya :bPerpustakaan UMPR,c2023 axi, 71 hlm :bilus. 4aSKRIPSI a1811019673